000 00226 a2200109 4500
001 19961
082 _a510 SPI
090 _c14570
_d14570
100 _aSpiegel, M R
245 _aMathematical handbook
260 _bMcgraw-Hill
942 _aNUST-CAE
_k510 SPI
999 _c255034
_d255034